Music Quiz

Random Music or Lyrics Quiz

L.A. Girlz Quiz Stats

 Plays Quiz not verified by Sporcle

Challenge
Share
Tweet
Embed
Score 0/274 Timer 10:00
0 Plays Today
Answer % Correct
L.A.
98.3%
girlz,
98.3%
L.A.
98.3%
girlz,
98.3%
L.A.
98.3%
girlz,
98.3%
L.A.
98.3%
girlz,
98.3%
L.A.
98.3%
girlz,
98.3%
L.A.
98.3%
girlz,
98.3%
You
94.9%
I
94.9%
the
94.9%
I
94.9%
the
94.9%
I
94.9%
I
94.9%
you
94.9%
I
94.9%
I
94.9%
you
94.9%
the
94.9%
You
94.9%
I
94.9%
the
94.9%
I
94.9%
the
94.9%
you
94.9%
I
94.9%
the
94.9%
The
94.9%
I
94.9%
you,
94.9%
I
94.9%
you,
94.9%
I
94.9%
you,
94.9%
I
94.9%
you,
94.9%
You
94.9%
I
94.9%
the
94.9%
I
94.9%
the
94.9%
your
93.2%
and
93.2%
your
93.2%
your
93.2%
and
93.2%
and
93.2%
and
93.2%
your
93.2%
and
93.2%
your
93.2%
and
93.2%
your
93.2%
your
93.2%
and
93.2%
your
93.2%
and
93.2%
And
93.2%
your
93.2%
your
93.2%
your
93.2%
and
93.2%
your
93.2%
your
93.2%
and
93.2%
please
91.5%
me
91.5%
please
91.5%
me
91.5%
please
91.5%
me
91.5%
please
91.5%
me
91.5%
please
91.5%
me
91.5%
please
91.5%
me
91.5%
please
91.5%
me
91.5%
down
89.8%
down
89.8%
down
89.8%
act
88.1%
age.
88.1%
like
88.1%
have
88.1%
act
88.1%
Answer % Correct
age.
88.1%
act
88.1%
age.
88.1%
like
88.1%
have
88.1%
act
88.1%
age.
88.1%
Like
88.1%
to
88.1%
to
88.1%
act
88.1%
age.
88.1%
like
88.1%
have
88.1%
act
88.1%
age.
88.1%
treat
86.4%
up
86.4%
we
86.4%
treat
86.4%
up
86.4%
up
86.4%
treat
86.4%
up
86.4%
plague
84.7%
as
84.7%
in
84.7%
lemonade
84.7%
at
84.7%
28.
84.7%
in
84.7%
at
84.7%
plague
84.7%
as
84.7%
in
84.7%
lemonade
84.7%
at
84.7%
28.
84.7%
as
84.7%
as
84.7%
as
84.7%
as
84.7%
as
84.7%
as
84.7%
as
84.7%
as
84.7%
plague
84.7%
as
84.7%
in
84.7%
lemonade
84.7%
at
84.7%
28.
84.7%
meet
83.1%
tower
83.1%
it,
83.1%
love
83.1%
meet
83.1%
tower
83.1%
love
83.1%
love
83.1%
love
83.1%
love
83.1%
love
83.1%
love
83.1%
love
83.1%
love
83.1%
meet
83.1%
tower
83.1%
Sweeten
81.4%
Sweeten
81.4%
Sweeten
81.4%
can
79.7%
so
78%
but
78%
So
78%
way,
78%
So
78%
but
78%
Does
78%
much
78%
baby?
78%
Does
78%
much
78%
baby?
78%
Does
78%
much
78%
baby?
78%
Does
78%
much
78%
baby?
78%
how
76.3%
how
76.3%
Answer % Correct
anybody
76.3%
anybody
76.3%
anybody
76.3%
anybody
76.3%
anybody
76.3%
anybody
76.3%
anybody
76.3%
anybody
76.3%
I'm
74.6%
I'm
74.6%
when
74.6%
think
72.9%
mixing
72.9%
bleach.
72.9%
just
72.9%
just
72.9%
don't
72.9%
care.
72.9%
this
72.9%
by
72.9%
of
72.9%
this
72.9%
are
72.9%
We're
72.9%
dreams.
72.9%
with
72.9%
gimble
71.2%
know
71.2%
talk?
71.2%
gimble
71.2%
kids
71.2%
their
71.2%
gimble
71.2%
gyre
69.5%
ammonia
69.5%
feel.
69.5%
long
69.5%
gyre
69.5%
is
69.5%
asleep.
69.5%
haunting
69.5%
gyre
69.5%
Whiplash,
67.8%
hair,
67.8%
going
67.8%
end?
67.8%
my
66.1%
will
66.1%
losing
64.4%
get
64.4%
world
64.4%
without
64.4%
music
64.4%
on
64.4%
Dante
64.4%
it's
64.4%
on
64.4%
off
62.7%
our
62.7%
wabe.
61%
help
61%
wabe.
61%
Beatrice
61%
head.
61%
wabe.
61%
possessions
59.3%
edge
59.3%
bed.
59.3%
light
59.3%
die
59.3%
sins
59.3%
Pico
57.6%
sell
57.6%
would
57.6%
if
57.6%
was
57.6%
sleep
57.6%
some
57.6%
we'll
55.9%
candles
55.9%
more
54.2%
than
54.2%
pregnant?
52.5%
I'd
52.5%
painful
52.5%
fathom
50.8%
mind
49.2%
women
47.5%
labor
47.5%
swear
44.1%

You're not logged in!

Compare scores with friends on all Sporcle quizzes.
OR
Log In

You Might Also Like...

Show Comments

Extras

Created Mar 10, 2016ReportNominate
Tags:Lyrics Quiz, Rock Lyrics, weezer

Top Quizzes Today


Score Distribution

Your Account Isn't Verified!

In order to create a playlist on Sporcle, you need to verify the email address you used during registration. Go to your Sporcle Settings to finish the process.

Report this User

Report this user for behavior that violates our Community Guidelines.

Details: